Pascual Madoz, 1805-1870 : (Record n. 7909)
[ formato base ]
| 000 -LEADER | |
|---|---|
| fixed length control field | 00932nam a2200265 i 4500 |
| 003 - CONTROL NUMBER IDENTIFIER | |
| control field | IT-RoINE |
| 005 - DATE AND TIME OF LATEST TRANSACTION | |
| control field | 20230202113350.0 |
| 008 - FIXED-LENGTH DATA ELEMENTS--GENERAL INFORMATION | |
| fixed length control field | 890530s1982 sp | r o||| ||spa d |
| 020 ## - INTERNATIONAL STANDARD BOOK NUMBER | |
| International Standard Book Number | 8431307609 |
| 040 ## - CATALOGING SOURCE | |
| Original cataloging agency | IBH |
| Transcribing agency | IT-RoINE |
| Modifying agency | IT-RoINE |
| 100 ## - MAIN ENTRY--PERSONAL NAME | |
| Personal name | Paredes Alonso, Francisco Javier |
| 9 (RLIN) | 16384 |
| 245 10 - TITLE STATEMENT | |
| Title | Pascual Madoz, 1805-1870 : |
| Remainder of title | libertad y progreso en la monarquía isabelina / |
| Statement of responsibility, etc | Francisco Javier Paredes Alonso. |
| 260 ## - PUBLICATION, DISTRIBUTION, ETC. (IMPRINT) | |
| Place of publication, distribution, etc | Pamplona : |
| Name of publisher, distributor, etc | Universidad de Navarra, |
| Date of publication, distribution, etc | 1982. |
| 300 ## - PHYSICAL DESCRIPTION | |
| Extent | 574 p. ; |
| Dimensions | 22 cm. |
| 336 ## - CONTENT TYPE | |
| Source | rdacontent |
| Content type term | text |
| 337 ## - MEDIA TYPE | |
| Source | rdamedia |
| Media type term | unmediated |
| 338 ## - CARRIER TYPE | |
| Source | rdacarrier |
| Carrier type term | volume |
| 490 10 - SERIES STATEMENT | |
| Series statement | Colección histórica ; |
| Volume number/sequential designation | 37 |
| 500 ## - GENERAL NOTE | |
| General note | Incluye índices |
| 504 ## - BIBLIOGRAPHY, ETC. NOTE | |
| Bibliography, etc | Bibliografía: p. 547-558 |
| 600 16 - SUBJECT ADDED ENTRY--PERSONAL NAME | |
| 9 (RLIN) | 13614 |
| Personal name | Madoz, Pascual, |
| Dates associated with a name | 1806-1870 |
| 651 #4 - SUBJECT ADDED ENTRY--GEOGRAPHIC NAME | |
| 9 (RLIN) | 7148 |
| Geographic name | España |
| General subdivision | Historia |
| Chronological subdivision | 1843-1868 (Isabel II) |
| 830 #0 - SERIES ADDED ENTRY--UNIFORM TITLE | |
| 9 (RLIN) | 13605 |
| Uniform title | Colección histórica (Universidad de Navarra) ; |
| Volume number/sequential designation | 37 |
| 942 ## - ADDED ENTRY ELEMENTS (KOHA) | |
| Item type | Monografías |
| Withdrawn status | Lost status | Damaged status | Not for loan | Home library | Current library | Date acquired | Total Checkouts | Full call number | Barcode | Date last seen | Price effective from | Koha item type |
|---|---|---|---|---|---|---|---|---|---|---|---|---|
| Iglesia Nacional Española en Roma | Iglesia Nacional Española en Roma | 02/02/2015 | COL.B 32.37 | 10544 | 02/02/2015 | 02/02/2015 | Monografías |